000 00278nam a22001217a 4500
999 _c15417
_d15417
020 _a9788177541441
082 _a664.94
_bCUT/FI
100 _aCutting, L
_93107
245 _aFish processing and preservation
260 _aJodhpur
_bAgrobios
_c2012
300 _a372p
942 _cBK